Potlesk obetavosti a profesionalite zdravotníkov vláda ocenila výkon všetkých zložiek nasadených pri tragédii v Novákoch

Bibliographic Details
Format: Article
Language:Slovak
Subjects:

MARC

LEADER 00000nab a2200000 a 4500
001 vtls008962163
003 SK-MaSNL
005 20260304214138.0
008 140303c2007 xo wrzp 0 0slo
015 |a SNBRB2007/04  |2 snkbucl 
040 |a SNKBUCL  |b slo  |c SNKBUCL  |e AACR2 
041 0 |a slo 
044 |a xo  |c SK 
072 7 |a 614.8  |x Úrazy a ich prevencia  |2 konspekt 
080 |a 623.483  |x (437.6)  |2 1997 
080 |a 614.833  |x (437.6)  |2 1997 
080 |a 614.88:06.068  |x (437.6)  |2 1997 
245 0 0 |a Potlesk obetavosti a profesionalite zdravotníkov  |b vláda ocenila výkon všetkých zložiek nasadených pri tragédii v Novákoch  |c [autor] (mž) 
300 |a Fotogr. 
610 2 7 |a Vojenský opravárenský podnik (Nováky, Slovensko)  |2 snkbucl  |9 99974 
650 0 7 |a výbuchy  |2 snkbucl  |9 29936 
650 0 7 |a zdravotnícka záchranná služba  |2 snkbucl  |9 69995 
773 0 |t Zdravotnícke noviny  |g Roč. XII, č. 12 (2007), s. 3  |x 1335-4477 
852 |a SNK  |b KIS3GCP 
958 |a MI 
958 |a SK 
999 |c 3139727  |d 3141657